000 00253nam a2200109Ia 4500
008 190216s9999||||xx |||||||||||||| ||und||
100 _aNisar Ahmad
245 0 _aManagement Accounting
260 _bAnmol Publications
_c2000
300 _a471p
942 _cBK
999 _c5805
_d5805